000 00243nam a2200097Ia 4500
001 768761
005 20250826165424.0
008 250824s9999 xx 000 0 und d
245 0 _aDEDEMİN BAKKALI ÇIRAK
_cŞERMİN YAŞAR
260 _bTAZE KİTAP
999 _c768761
_d768761